000 01494nam a2200289 a 4500
001 79321
003 BD-RjUL
005 20220206101011.0
008 220206s1888 ne 000 0 ara d
035 _a(BD-RjUL)79321
040 _aHAI
_beng
_cBD-RjUL
041 0 _aara
082 _223
_a909.097671
_bDIK 1888
100 1 _aالدينوري، أبو حنيفة أحمد بن داود ;; Dīnawarī; Abū Ḥanīfah Aḥmad ibn Dāwūd
_dتوفي 895؟
_91133
245 1 0 _aكتاب الاخبار الطوال ;; Kitāb al-akhbār al-ṭiwāl /
_cتأليف ابي حنيفة احمد بن داود الدينوري ؛ تصحيح فلاديمير جرجاس ;; Abū Ḥanīfah Aḥmad ibn Dāwūd Dīnawarī; Vladimir Feodorvich Girgas
246 3 3 _aal -aikhibar al -tiwal ;; الاخبار الطوال
260 _aليدن :، Laydin
_bمطبع بريل، Maṭbaʻat Brīl,
_c[١٨٨٨]1888
300 _a٤٠٢ ص. ؛
_c٢٤ س.+فهارس
500 _aalfaharis - jameiha... aghnatyus kratishkuvski ;; الفهارس - جمعها... اغناطيوس كراتشكوڤسكي
600 _aCaliphs.
_xBiography
_yEarly works to 1800
_91134
650 4 _aCaliphs
_9599
651 4 _aArab countries
_xHistory
_91135
651 4 _aIran
_xHistory
_91136
700 1 _aكراتشكوڤسكي، ايغناطيوس يوليانوڤيتش ;; ،Krachkovsky, Ignatius Yulianovich,
_d1883-1951
_91137
700 1 _aGerges, Vladimir ;; جرجاس، ڤلاديمير
_91138
942 _2ddc
_cBK
999 _c79321
_d79321